Наш товарищ Андрей: Воспоминания уральцев о Я. М. Свердлове. [Посвящается 100-летию со дня рождения Я. М. Свердлова

Λεπτομέρειες βιβλιογραφικής εγγραφής
Άλλοι συγγραφείς: Баженов В. В. (автор)
Περίληψη:В кн. также: Речь памяти Я. М. Свердлова на экстренном заседании ВЦИК 18 марта 1919 г.; Речь, посвященная памяти Я. М. Свердлова 16 марта 1920 г. / В. И. Ленин
Γλώσσα:Ρωσικά
Έκδοση: Свердловск, Сред.-Урал. кн. изд-во, 1985
Θέματα:
Μορφή: Βιβλίο
KOHA link:https://koha.lib.tpu.ru/cgi-bin/koha/opac-detail.pl?biblionumber=247283

MARC

LEADER 00000nam0a2200000 4500
001 247283
005 20231101232303.0
020 |a RU  |b 85-59766 
035 |a (RuTPU)RU\TPU\book\268765 
090 |a 247283 
100 |a 20131220d1985 m y0rusy5003 ca 
101 0 |a rus 
102 |a RU 
105 |a a z 010zy 
200 1 |a Наш товарищ Андрей  |e Воспоминания уральцев о Я. М. Свердлове. [Посвящается 100-летию со дня рождения Я. М. Свердлова  |f Сост. В. В. Баженов 
210 |a Свердловск  |c Сред.-Урал. кн. изд-во  |d 1985 
215 |a 223 с.  |c ил. 
300 |a В кн. также: Речь памяти Я. М. Свердлова на экстренном заседании ВЦИК 18 марта 1919 г.; Речь, посвященная памяти Я. М. Свердлова 16 марта 1920 г. / В. И. Ленин 
600 1 |a Свердлов  |b Я. М.  |c российский политический деятель  |f 1885-1919  |g Яков Михайлович  |2 stltpush  |3 (RuTPU)RU\TPU\pers\12372  |9 3382 
606 1 |a Персоналии деятелей КПСС  |x История  |2 stltpush  |3 (RuTPU)RU\TPU\subj\48642  |9 67493 
610 1 |a Коммунистическая партия Советского Союза 
610 1 |a история 
610 1 |a политические биографии 
610 1 |a политические деятели 
610 1 |a 20 век 
610 1 |a Урал 
610 1 |a воспоминания 
610 1 |a КПСС 
686 |a Ф61(2)8  |2 rubbk 
702 1 |a Баженов  |b В. В.  |4 070 
801 0 |a RU  |b RuMRKP  |c 19950704  |g psbo 
801 1 |a RU  |b 63413507  |c 20131220 
801 2 |a RU  |b 63413507  |c 20151224  |g RCR 
942 |c BK